[Event "10. Lichtenberger Sommer"]
[Site "Berlin"]
[Date "2011.08.13"]
[Round "1.94"]
[White "Wolfram, Mike"]
[Black "Grassi, Fabrizio"]
[Result "0-1"]
[WhiteElo "1640"]
[BlackElo "1960"]
[PlyCount "118"]
[EventDate "2011.??.??"]
[WhiteTeam "BSG 1827 Eckbauer e.V."]
[BlackTeam "SV Berlin-Friedrichstadt"]

1. c4 e5 2. Nc3 Nf6 3. d3 d5 4. cxd5 Nxd5 5. Nf3 Nc6 6. Qb3 Nb6 7. g3 Be7 8.
Bg2 Be6 9. Qd1 O-O 10. O-O f6 11. e4 Qd7 12. Ne1 Rad8 13. a3 Nd4 14. Be3 Nb3
15. Rb1 Nc5 16. Bxc5 Bxc5 17. Kh1 c6 18. b4 Bd4 19. Qc2 f5 20. exf5 Rxf5 21.
Bh3 Rh5 22. Bxe6+ Qxe6 23. Qb3 Nd5 24. Nxd5 cxd5 25. Qa2 Qh3 26. Nf3 Qg4 27.
Qe2 Rf5 28. Nxd4 Qxd4 29. Qe3 Qxe3 30. fxe3 Rdf8 31. Kg2 g6 32. Rxf5 Rxf5 33.
Rc1 Rf7 34. a4 Kg7 35. Rc5 Rd7 36. e4 dxe4 37. dxe4 Kf6 38. b5 Rd4 39. Rc7 Rxe4
40. Rxb7 Rxa4 41. Rxh7 e4 42. Rb7 Ra2+ 43. Kf1 Rxh2 44. Rxa7 Kf5 45. Rf7+ Kg4
46. Rf4+ Kxg3 47. Rxe4 Kf3 48. Kg1 Rg2+ 49. Kh1 Rb2 50. Re1 g5 51. Rf1+ Kg3 52.
Rg1+ Kh4 53. Rg2 Rb1+ 54. Kh2 Rxb5 55. Re2 g4 56. Kg2 Rb3 57. Kf2 Kh3 58. Re1
Kh2 59. Re2 g3+ 0-1

[Event "10. Lichtenberger Sommer"]
[Site "Berlin"]
[Date "2011.08.13"]
[Round "1.95"]
[White "Petkov, Peter"]
[Black "Laurin, Dirk"]
[Result "1/2-1/2"]
[WhiteElo "2036"]
[BlackElo "1671"]
[PlyCount "64"]
[EventDate "2011.??.??"]
[WhiteTeam "SV Bau-Union e.V."]
[BlackTeam "SG Narva Berlin e.V."]

1. Nf3 d6 2. c4 e5 3. Nc3 Nf6 4. d3 c6 5. g3 Be7 6. Bg2 O-O 7. O-O Bd7 8. Bd2
Na6 9. a3 Nc7 10. b4 Rb8 11. Be3 b6 12. h3 Ne6 13. Kh2 Ne8 14. d4 exd4 15. Nxd4
Nxd4 16. Bxd4 Bf6 17. Ne4 Be7 18. Bb2 f5 19. Nc3 Qc8 20. e3 Nf6 21. Rc1 Be6 22.
Nd5 Bd8 23. Nf4 d5 24. cxd5 Bf7 25. Be5 Ne4 26. Rxc6 Qb7 27. Bxb8 Qxb8 28. Ne6
Bxe6 29. Rxe6 Bh4 30. Bxe4 fxe4 31. Rxe4 Rxf2+ 32. Kh1 Rh2+ 1/2-1/2

[Event "10. Lichtenberger Sommer"]
[Site "Berlin"]
[Date "2011.08.13"]
[Round "1.96"]
[White "Hubbe, Bernd"]
[Black "Barwich, Alfred"]
[Result "0-1"]
[WhiteElo "1353"]
[BlackElo "1959"]
[PlyCount "76"]
[EventDate "2011.??.??"]
[WhiteTeam "SC Rotation Pankow e.V."]
[BlackTeam "SV Berolina Mitte e.V."]

1. d4 d5 2. c4 c6 3. e3 Nf6 4. Nc3 Nbd7 5. Nf3 e6 6. a3 Bd6 7. Bd3 Qe7 8. e4
dxe4 9. Bxe4 Nxe4 10. Nxe4 Bc7 11. O-O O-O 12. Bd2 b6 13. Bb4 c5 14. Bc3 cxd4
15. Qxd4 f6 16. Ng3 Bb7 17. Bb4 Nc5 18. Qe3 f5 19. Ne2 a5 20. Bc3 f4 21. Qc1
Nb3 22. Qb1 Nxa1 23. Ned4 e5 24. Re1 Qf6 25. Nb5 Bxf3 26. gxf3 Bd8 27. Qxa1
Qg5+ 28. Kh1 Qh5 29. Qd1 Bf6 30. Qd5+ Qf7 31. Qe4 Rad8 32. a4 Rfe8 33. Rg1 Re7
34. Na3 Red7 35. h3 Rd1 36. Be1 R8d4 37. Qc6 Qd7 38. Qxb6 Qxh3# 0-1

[Event "10. Lichtenberger Sommer"]
[Site "Berlin"]
[Date "2011.08.13"]
[Round "1.97"]
[White "Reiche, Andreas"]
[Black "Kammler, Hans-Joachim"]
[Result "1-0"]
[WhiteElo "1848"]
[BlackElo "1519"]
[PlyCount "67"]
[EventDate "2011.??.??"]
[WhiteTeam "SV Berolina Mitte e.V."]
[BlackTeam "vereinslos"]

1. e4 e6 2. d4 d5 3. exd5 exd5 4. c4 Nf6 5. Nc3 Bb4 6. a3 Bxc3+ 7. bxc3 O-O 8.
Nf3 Bg4 9. Be2 Re8 10. O-O Nc6 11. c5 Qe7 12. Be3 Ne4 13. Qc2 Qe6 14. Rab1 b6
15. c4 Nxf2 16. Bxf2 Qxe2 17. Qxe2 Rxe2 18. cxd5 Bxf3 19. gxf3 Ne7 20. d6 cxd6
21. cxb6 axb6 22. Rxb6 Nf5 23. Ra1 g6 24. a4 Re7 25. a5 Rea7 26. a6 d5 27. Ra5
Ne7 28. Bh4 Kf8 29. Rb7 Nc6 30. Rxd5 Rxa6 31. Rdd7 Ke8 32. Rxf7 Nxd4 33. Rbe7+
Kd8 34. Rf8# 1-0

[Event "10. Lichtenberger Sommer"]
[Site "Berlin"]
[Date "2011.08.13"]
[Round "1.98"]
[White "Toth, Hans-Juergen"]
[Black "Muehlhan, Klaus"]
[Result "0-1"]
[WhiteElo "1641"]
[BlackElo "1986"]
[PlyCount "88"]
[EventDate "2011.??.??"]
[WhiteTeam "Schachfreunde Zehdenick 76 e.V."]
[BlackTeam "SC Empor Potsdam 1952 e.V."]

1. f4 e5 2. fxe5 d6 3. exd6 Bxd6 4. Nf3 Nf6 5. d4 Bf5 6. Bg5 h6 7. Bxf6 Qxf6 8.
c3 O-O 9. Nbd2 Re8 10. Nc4 Bf8 11. Qd2 Nd7 12. e3 Rad8 13. Bd3 b5 14. Nce5 Nxe5
15. Nxe5 Rxe5 16. Rf1 Qg5 17. Rf3 Bxd3 18. dxe5 Be4 19. Rg3 Qe7 20. Qf2 Qxe5
21. Rd1 Rxd1+ 22. Kxd1 Qd5+ 23. Qd2 Qxa2 24. Rg4 f5 25. Rf4 b4 26. cxb4 Qb3+
27. Ke2 Bxb4 28. Qc1 Qd3+ 29. Kf2 Bd2 30. Qc5 Qb1 31. Rxe4 Qxe4 32. Qxa7 Qh4+
33. Ke2 Qe1+ 34. Kd3 Bb4 35. Qd4 Qd1+ 36. Kc4 Qxd4+ 37. exd4 Bd6 38. h3 Kf7 39.
Kd5 g5 40. Kc6 Ke7 41. d5 h5 42. Kb5 Be5 43. Kc6 g4 44. hxg4 fxg4 0-1

[Event "10. Lichtenberger Sommer"]
[Site "Berlin"]
[Date "2011.08.13"]
[Round "1.99"]
[White "Keusch, Horst"]
[Black "Stiemerling, Karl-Heinz"]
[Result "1-0"]
[WhiteElo "2004"]
[BlackElo "1673"]
[PlyCount "57"]
[EventDate "2011.??.??"]
[WhiteTeam "SC Friesen Lichtenberg e.V."]
[BlackTeam "vereinslos"]

1. f4 d5 2. Nf3 c6 3. e3 Bg4 4. h3 Bf5 5. g4 Bd7 6. b3 f6 7. Bb2 g6 8. d4 e6 9.
Nbd2 Bb4 10. Qe2 b5 11. e4 Ne7 12. c3 Bd6 13. e5 fxe5 14. fxe5 Bc7 15. O-O-O
Ng8 16. Qe3 Qe7 17. Bd3 Bd8 18. Rhf1 Qg7 19. Ng5 Nh6 20. Ba3 Be7 21. Bxe7 Kxe7
22. Rf6 Na6 23. Rdf1 Rae8 24. b4 Rhf8 25. Nxh7 Qxh7 26. Bxg6 Qg7 27. Bxe8 Bxe8
28. Rxf8 Bf7 29. Ra8 1-0

[Event "10. Lichtenberger Sommer"]
[Site "Berlin"]
[Date "2011.08.13"]
[Round "1.100"]
[White "Hitzelberger, Michael"]
[Black "Kabitzke, Julian"]
[Result "0-1"]
[WhiteElo "1284"]
[BlackElo "1852"]
[PlyCount "128"]
[EventDate "2011.??.??"]
[WhiteTeam "Sfrd. Berlin 1903 e.V."]
[BlackTeam "USG Chemnitz"]

1. e4 c5 2. Nf3 d6 3. d4 cxd4 4. Nxd4 Nf6 5. Nc3 a6 6. Be2 e6 7. Qd3 b5 8. f4
Bb7 9. a3 Nbd7 10. b4 Qc7 11. Nb3 Rc8 12. Bd2 Be7 13. O-O O-O 14. Bf3 Rfd8 15.
Rac1 Nb6 16. Na5 Ba8 17. Rfe1 Nfd7 18. Ne2 Nc4 19. Nxc4 Qxc4 20. Qxc4 Rxc4 21.
Ng3 Rdc8 22. c3 Nb6 23. Re3 d5 24. exd5 Bxd5 25. Bxd5 Nxd5 26. Rf3 Bf6 27. Ne2
g6 28. g3 h5 29. Kg2 R4c6 30. Rd3 Nb6 31. Nd4 Bxd4 32. Rxd4 Nc4 33. Rxc4 Rxc4
34. Kf3 Rd8 35. Be1 Rc6 36. Ke2 f6 37. Rd1 Rxd1 38. Kxd1 Kf7 39. Kc2 e5 40.
fxe5 fxe5 41. Bf2 Ke6 42. Bc5 Kd5 43. Kd3 Rxc5 44. bxc5 Kxc5 45. Ke4 Kd6 46.
Ke3 Kd5 47. Kd3 e4+ 48. Ke2 a5 49. Kd2 Kc4 50. Ke3 Kxc3 51. Kxe4 b4 52. axb4
axb4 53. Kf4 b3 54. Kg5 b2 55. Kxg6 b1=Q+ 56. Kxh5 Qh7+ 57. Kg5 Qxh2 58. g4 Qh7
59. Kf6 Qg8 60. g5 Kd4 61. g6 Kd5 62. g7 Kd6 63. Kg6 Ke6 64. Kh6 Kf5 0-1

[Event "10. Lichtenberger Sommer"]
[Site "Berlin"]
[Date "2011.08.13"]
[Round "1.101"]
[White "Lagunow, Raphael"]
[Black "Petersen, Marcel"]
[Result "1-0"]
[WhiteElo "1749"]
[BlackElo "1271"]
[PlyCount "117"]
[EventDate "2011.??.??"]
[WhiteTeam "TuS Makkabi Berlin e.V."]
[BlackTeam "SG Grün-Weiß Baumschulenweg e.V."]

1. e4 c5 2. c3 Nc6 3. d4 cxd4 4. cxd4 d6 5. Nc3 Nf6 6. Nf3 Bg4 7. d5 Ne5 8.
Nxe5 dxe5 9. Be2 Bd7 10. O-O a6 11. a4 e6 12. Bg5 Be7 13. d6 Bf8 14. Qd2 h6 15.
Bh4 Qb6 16. Rfd1 Qb4 17. Bxf6 gxf6 18. Nd5 Qxd2 19. Nxf6+ Kd8 20. Rxd2 Bg7 21.
Nh5 Rg8 22. Rc1 Rc8 23. Rxc8+ Kxc8 24. Rc2+ Bc6 25. Bxa6 Kb8 26. Bd3 Bxa4 27.
Rc7 Bf8 28. Rxf7 Bxd6 29. Rf6 Rd8 30. Bf1 Bc7 31. Rxh6 Bb3 32. h4 Rd2 33. Rh8+
Ka7 34. Ng3 Bb6 35. Rf8 Rxb2 36. h5 Rc2 37. h6 Rc7 38. Nh5 Rh7 39. Rf6 Bd8 40.
Rg6 Kb6 41. g4 Kc6 42. g5 Bxg5 43. Rxg5 Rxh6 44. Rxe5 Ba4 45. Ng3 b5 46. f4 Rg6
47. Kf2 b4 48. Ra5 Bc2 49. f5 exf5 50. Ra6+ Kc5 51. Rxg6 fxe4 52. Ke3 b3 53.
Rg8 b2 54. Rc8+ Kd5 55. Bc4+ Ke5 56. Ba2 b1=Q 57. Bxb1 Bxb1 58. Nxe4 Kd5 59.
Nc3+ 1-0

[Event "10. Lichtenberger Sommer"]
[Site "Berlin"]
[Date "2011.08.13"]
[Round "1.102"]
[White "Güldenpfennig, Gavin"]
[Black "Getzuhn, Detlef"]
[Result "0-1"]
[WhiteElo "1203"]
[BlackElo "1931"]
[PlyCount "138"]
[EventDate "2011.??.??"]
[WhiteTeam "BSC Rehberge 1945 e.V."]
[BlackTeam "SV Senat (FV Schach)"]

1. e4 c6 2. Nc3 d5 3. exd5 cxd5 4. d4 g6 5. Nf3 Bg7 6. Be2 e6 7. O-O Nc6 8. Be3
Nge7 9. Qd2 O-O 10. Bd3 a6 11. Rfe1 b5 12. a3 Qb6 13. Ne2 Bb7 14. c3 Na5 15.
Nc1 Nc4 16. Bxc4 bxc4 17. Ne5 Bc6 18. Nxc6 Nxc6 19. Re2 Ra7 20. Bh6 Rb7 21.
Bxg7 Kxg7 22. g3 Rfb8 23. Rb1 Qc7 24. Qe3 Na7 25. Na2 a5 26. a4 Nc8 27. Qd2 Nb6
28. Qc2 Qc6 29. Nc1 Nxa4 30. Ra1 Nxb2 31. Rxa5 Qb6 32. Ra2 Qb5 33. Rd2 Nd3 34.
Nxd3 cxd3 35. Qxd3 Qxd3 36. Rxd3 Rb1+ 37. Kg2 Rc1 38. Ra3 g5 39. Kh3 h5 40. g4
hxg4+ 41. Kxg4 Rh8 42. h3 Kg6 43. Rg3 Rc2 44. Kf3 Rh4 45. Kg2 Re4 46. Rf3 f5
47. Ra8 g4 48. hxg4 Rxg4+ 49. Rg3 Rxg3+ 50. Kxg3 Rxc3+ 51. Kf4 Rc2 52. Rg8+ Kf7
53. Rg2 Re2 54. Rh2 Re4+ 55. Kg5 Rg4+ 56. Kh5 Rxd4 57. Rh4 Rxh4+ 58. Kxh4 e5
59. Kg3 d4 60. Kf3 e4+ 61. Ke2 f4 62. Kd1 e3 63. f3 d3 64. Ke1 Kg6 65. Kd1 Kh5
66. Ke1 Kh4 67. Kf1 Kg3 68. Ke1 Kxf3 69. Kd1 Kf2 0-1

[Event "10. Lichtenberger Sommer"]
[Site "Berlin"]
[Date "2011.08.13"]
[Round "1.103"]
[White "Tscheuschner, Georg"]
[Black "Schröder, Gert"]
[Result "1-0"]
[WhiteElo "1837"]
[BlackElo "1386"]
[PlyCount "61"]
[EventDate "2011.??.??"]
[WhiteTeam "SG Grün-Weiß Baumschulenweg e.V."]
[BlackTeam "SV Königsjäger Süd-West e.V."]

1. c4 c6 2. d4 Nf6 3. Nc3 d5 4. Nf3 e6 5. Bf4 Bb4 6. e3 Ne4 7. Qb3 Be7 8. Nxe4
dxe4 9. Nd2 g5 10. Bxb8 Rxb8 11. Nxe4 O-O 12. Bd3 Qa5+ 13. Nc3 e5 14. d5 Bg4
15. Qc2 e4 16. Bxe4 f5 17. Bd3 Rf7 18. h3 Bh5 19. g4 Rd8 20. gxh5 Rdf8 21.
O-O-O cxd5 22. Kb1 Kh8 23. Nxd5 Bc5 24. b4 Qa3 25. bxc5 Qxc5 26. Qc3+ Kg8 27.
Rhg1 Rg7 28. Qb4 b6 29. h6 Rb7 30. Rxg5+ Kh8 31. Qc3+ 1-0

[Event "10. Lichtenberger Sommer"]
[Site "Berlin"]
[Date "2011.08.13"]
[Round "1.104"]
[White "Heyne, Klaus"]
[Black "Bandlow, Reinhard"]
[Result "0-1"]
[WhiteElo "1477"]
[BlackElo "2018"]
[PlyCount "98"]
[EventDate "2011.??.??"]
[WhiteTeam "SV Berolina Mitte e.V."]
[BlackTeam "SV Bau-Union e.V."]

1. d4 Nf6 2. Nf3 g6 3. g3 Bg7 4. Bg2 d6 5. O-O O-O 6. c4 Nc6 7. a3 e5 8. dxe5
dxe5 9. Qxd8 Rxd8 10. Nc3 h6 11. Rb1 Bf5 12. Ra1 Nh7 13. e4 Be6 14. b3 Nd4 15.
Nxd4 exd4 16. Nd5 Rd7 17. Rb1 g5 18. Bb2 a5 19. a4 Ra6 20. Rfd1 c6 21. Bxd4
cxd5 22. Bxg7 Kxg7 23. exd5 Bf5 24. Rbc1 Nf6 25. Re1 Kf8 26. h3 Re7 27. Rxe7
Kxe7 28. Re1+ Kd6 29. g4 Bd7 30. f3 Rb6 31. Re3 Ng8 32. Bf1 Ne7 33. Bd3 Ng6 34.
Bxg6 fxg6 35. Kf2 Ra6 36. Ke1 Ra8 37. Kd2 Re8 38. Rxe8 Bxe8 39. Kd3 Kc5 40. Kc3
Bf7 41. Kd3 b6 42. Ke4 Kb4 43. Ke5 Kxb3 44. Kf6 Be8 45. d6 Kxc4 46. Ke7 Bxa4
47. Kf6 Be8 48. Ke7 Bc6 49. Kf7 a4 0-1

[Event "10. Lichtenberger Sommer"]
[Site "Berlin"]
[Date "2011.08.13"]
[Round "1.105"]
[White "Oppermann, Peter"]
[Black "Kitzler, Gerhard"]
[Result "1/2-1/2"]
[WhiteElo "2000"]
[BlackElo "1588"]
[PlyCount "121"]
[EventDate "2011.??.??"]
[WhiteTeam "SK Tempelhof 1931 e.V."]
[BlackTeam "vereinslos"]

1. d4 Nf6 2. Nf3 e6 3. e3 d5 4. Bd3 c5 5. b3 Be7 6. Bb2 a6 7. Nbd2 b5 8. dxc5
Bxc5 9. O-O O-O 10. Ne5 Bb7 11. Ndf3 Nc6 12. Nxc6 Bxc6 13. Ne5 Bb7 14. Qf3 Ne4
15. Rad1 Qe7 16. Qe2 Bd6 17. Bxe4 dxe4 18. f4 exf3 19. Nxf3 Qc7 20. e4 e5 21.
Rc1 Rac8 22. c4 bxc4 23. Rxc4 Qb6+ 24. Kh1 Rxc4 25. Qxc4 Rc8 26. Qd3 f6 27. Nd2
Be7 28. Nc4 Qc7 29. h3 Rd8 30. Qc2 Rc8 31. Rc1 Qc6 32. Re1 a5 33. a3 Ba6 34.
Rc1 Kf8 35. Qd2 Qxe4 36. Nxa5 Rxc1+ 37. Qxc1 Qa8 38. Qc7 Ke8 39. Nc6 Qb7 40.
Qxe7+ Qxe7 41. Nxe7 Kxe7 42. a4 Ke6 43. Kg1 Bb7 44. Kf2 g5 45. Bc1 h5 46. g4
hxg4 47. hxg4 Kd5 48. Be3 Ke4 49. Bc5 Kf4 50. Be7 f5 51. gxf5 Kxf5 52. Ke3 g4
53. Bh4 Bd5 54. b4 Ke6 55. Bg3 Kd6 56. Kd3 Bb7 57. b5 Kd5 58. a5 e4+ 59. Ke3
Kc5 60. b6 Kb5 61. Be1 1/2-1/2

[Event "10. Lichtenberger Sommer"]
[Site "Berlin"]
[Date "2011.08.13"]
[Round "1.106"]
[White "Stark, Steven"]
[Black "Horbach, Fabian"]
[Result "0-1"]
[WhiteElo "1594"]
[BlackElo "2022"]
[PlyCount "96"]
[EventDate "2011.??.??"]
[WhiteTeam "VfB Hermsdorf e.V."]
[BlackTeam "Schachverein 1949 Herzogenrath"]

1. e4 c5 2. h3 Nc6 3. c3 Nf6 4. d3 d5 5. Bg5 dxe4 6. Bxf6 exf6 7. Qe2 Qxd3 8.
Qxd3 exd3 9. Bxd3 Be6 10. Nf3 O-O-O 11. Bc2 Bd6 12. Nbd2 Rhe8 13. O-O h6 14.
Ba4 Kc7 15. Ne4 Bd5 16. Nxd6 Rxd6 17. Rfe1 Rde6 18. Rxe6 Rxe6 19. Bb3 c4 20.
Ba4 Bxf3 21. gxf3 Ne5 22. Kg2 a6 23. Rd1 Nd3 24. Rd2 b5 25. Bc2 Ne1+ 26. Kg3
Nxc2 27. Rxc2 Kc6 28. f4 f5 29. b3 Rd6 30. Kg2 Rd3 31. f3 f6 32. Kg3 g5 33. Re2
Kd6 34. Rc2 h5 35. bxc4 bxc4 36. Rb2 Kc5 37. Re2 g4 38. Kh4 Rxf3 39. Kxh5 Rxc3
40. Kg6 gxh3 41. Kxf6 Rg3 42. Re5+ Kd4 43. Rxf5 c3 44. Ra5 h2 45. Rh5 c2 46.
Rxh2 c1=Q 47. f5 Qg5+ 48. Ke6 Re3+ 0-1

[Event "10. Lichtenberger Sommer"]
[Site "Berlin"]
[Date "2011.08.13"]
[Round "1.107"]
[White "Axmann, Steffen"]
[Black "Dittrich, Tom"]
[Result "1-0"]
[WhiteElo "1893"]
[BlackElo "1157"]
[PlyCount "139"]
[EventDate "2011.??.??"]
[WhiteTeam "Sfr.Nord-Ost Berlin"]
[BlackTeam "SG Blau-Weiß Stadtilm"]

1. e4 c5 2. Nf3 d6 3. d4 cxd4 4. Nxd4 Nf6 5. Nc3 a6 6. a4 e5 7. Nb3 Be7 8. Be2
Be6 9. O-O O-O 10. Be3 d5 11. exd5 Nxd5 12. Nxd5 Qxd5 13. Qxd5 Bxd5 14. Rfd1
Be6 15. Nc5 Bxc5 16. Bxc5 Rc8 17. Rd2 Nc6 18. Rad1 Rd8 19. Bb6 Rxd2 20. Rxd2 h6
21. c3 Rc8 22. Bf3 f5 23. Rd6 Bb3 24. Rd7 e4 25. Be2 Bxa4 26. Rxb7 Bb5 27. Bd1
Rb8 28. Bb3+ Kh7 29. Rxb8 Nxb8 30. f3 exf3 31. gxf3 Bc6 32. Kf2 Nd7 33. Bd4 f4
34. Bc2+ g6 35. Bd3 a5 36. b4 axb4 37. cxb4 Bb7 38. b5 Nf8 39. Bc4 g5 40. b6
Kg6 41. Bd3+ Kf7 42. Be4 Bxe4 43. fxe4 Nd7 44. b7 Ke6 45. Ba7 Ke5 46. Kf3 g4+
47. Kxg4 Kxe4 48. b8=Q Nxb8 49. Bxb8 f3 50. Ba7 Ke5 51. h4 Kf6 52. Bd4+ Kg6 53.
h5+ Kh7 54. Kf5 f2 55. Bxf2 Kg7 56. Bd4+ Kh7 57. Bc3 Kg8 58. Kg6 Kf8 59. Kxh6
Kf7 60. Kh7 Kf8 61. Bg7+ Kf7 62. h6 Ke8 63. Kg6 Ke7 64. h7 Ke6 65. h8=Q Kd7 66.
Qh5 Ke6 67. Qc5 Kd7 68. Kf6 Kd8 69. Ke6 Ke8 70. Qc8# 1-0

[Event "10. Lichtenberger Sommer"]
[Site "Berlin"]
[Date "2011.08.13"]
[Round "1.108"]
[White "Pilgrim, Wilfried"]
[Black "Krueger, Ekkehard"]
[Result "0-1"]
[WhiteElo "1463"]
[BlackElo "1878"]
[PlyCount "34"]
[EventDate "2011.??.??"]
[WhiteTeam "SC Kreuzberg e.V."]
[BlackTeam "SG Narva Berlin e.V."]

1. Nf3 d5 2. c3 Nf6 3. d4 e6 4. Bg5 Be7 5. e3 Nbd7 6. Nbd2 c5 7. Bb5 Qc7 8. Bf4
Qb6 9. Bxd7+ Bxd7 10. Qc2 Rc8 11. O-O O-O 12. Ne5 cxd4 13. Nxd7 Nxd7 14. Qd3
dxc3 15. bxc3 Qa5 16. c4 Bf6 17. Nb3 Qa6 0-1

[Event "10. Lichtenberger Sommer"]
[Site "Berlin"]
[Date "2011.08.13"]
[Round "1.109"]
[White "Hoffmann, Peter"]
[Black "Herzsprung, Johanna"]
[Result "1-0"]
[WhiteElo "2030"]
[BlackElo "1148"]
[PlyCount "73"]
[EventDate "2011.??.??"]
[WhiteTeam "BSG 1827 Eckbauer e.V."]
[BlackTeam "BSC Rehberge 1945 e.V."]

1. d4 d5 2. c4 dxc4 3. e4 e6 4. Bxc4 Nf6 5. Nc3 Nc6 6. Nf3 Be7 7. O-O O-O 8.
Re1 b6 9. e5 Nd5 10. Qe2 Bb7 11. a3 Rb8 12. Bd3 f6 13. exf6 Rxf6 14. Ne4 Rf8
15. Neg5 Qd6 16. Qxe6+ Qxe6 17. Nxe6 Rf6 18. Bd2 h6 19. Bc4 Nd8 20. Nxc7 Kh8
21. Nxd5 Bxd5 22. Bxd5 Bd6 23. Re8+ Rf8 24. Rae1 Rxe8 25. Rxe8+ Kh7 26. Be4+ g6
27. Nh4 Nf7 28. Rxb8 Bxb8 29. Nxg6 Kg7 30. d5 Nd6 31. Bc3+ Kf7 32. Ne5+ Ke8 33.
Bg6+ Kd8 34. Nc6+ Kc8 35. Nxb8 Kxb8 36. Be5 Kc7 37. Bf5 1-0

[Event "10. Lichtenberger Sommer"]
[Site "Berlin"]
[Date "2011.08.13"]
[Round "1.110"]
[White "Sandbrand, Alexandru"]
[Black "Schubert, Joachim"]
[Result "0-1"]
[WhiteElo "1360"]
[BlackElo "1826"]
[PlyCount "40"]
[EventDate "2011.??.??"]
[WhiteTeam "SK Tempelhof 1931 e.V."]
[BlackTeam "SC Friesen Lichtenberg e.V."]

1. e4 c5 2. Nc3 Nc6 3. f4 e6 4. Nf3 d5 5. Bb5 Nge7 6. e5 a6 7. Ba4 b5 8. Bb3 c4
9. Bxc4 dxc4 10. d3 cxd3 11. cxd3 Nb4 12. d4 Bb7 13. a3 Bxf3 14. gxf3 Nbd5 15.
Ne4 Nf5 16. b4 Qh4+ 17. Nf2 Be7 18. Bb2 Nfe3 19. Qc1 O-O 20. Ke2 Rac8 0-1

[Event "10. Lichtenberger Sommer"]
[Site "Berlin"]
[Date "2011.08.13"]
[Round "1.111"]
[White "Cerdan Herraez, Manuel Vicente"]
[Black "Lippianowski, Stefan"]
[Result "1-0"]
[WhiteElo "1861"]
[BlackElo "1261"]
[PlyCount "47"]
[EventDate "2011.??.??"]
[WhiteTeam "CIM Benimaclet Valencia"]
[BlackTeam "Treptower SV 1949 e.V."]

1. e4 e5 2. Nf3 Nc6 3. Bb5 Nf6 4. d3 Bb4+ 5. c3 Qe7 6. Bg5 h6 7. Bxf6 gxf6 8.
Nbd2 a6 9. Qa4 Bc5 10. d4 exd4 11. cxd4 Bb4 12. Bxc6 Bxd2+ 13. Nxd2 dxc6 14.
O-O-O Bd7 15. Qb3 O-O-O 16. f3 Be6 17. Qa4 Bd7 18. Nb3 c5 19. Qc4 f5 20. Qxc5
Qg5+ 21. Kb1 b6 22. Qc2 a5 23. Rc1 Qg6 24. Qxc7# 1-0

[Event "10. Lichtenberger Sommer"]
[Site "Berlin"]
[Date "2011.08.13"]
[Round "1.112"]
[White "Egert, Marcel"]
[Black "Mayer, Herbert"]
[Result "0-1"]
[WhiteElo "900"]
[BlackElo "1948"]
[PlyCount "74"]
[EventDate "2011.??.??"]
[WhiteTeam "vereinslos"]
[BlackTeam "SC Rochade e.V."]

1. e3 d5 2. d4 Nf6 3. c3 g6 4. g3 Bg7 5. Nf3 O-O 6. Qb3 Nbd7 7. Bd3 c5 8. Nbd2
c4 9. Bxc4 dxc4 10. Qxc4 e5 11. d5 Nb6 12. Qd3 Qxd5 13. Qc2 Bh3 14. e4 Qd6 15.
Nb1 Bg2 16. Rg1 Bxf3 17. h3 Bxe4 18. Qd2 Rfd8 19. b3 Bxb1 20. Rxb1 Ne4 21. Qc2
Qd3 22. Rb2 Rac8 23. Bd2 Qxd2+ 24. Qxd2 Rxd2 25. Rxd2 Nxd2 26. Kxd2 Rd8+ 27.
Kc2 Nd5 28. Rg2 e4 29. a3 Be5 30. Rg1 Rc8 31. c4 b5 32. Rd1 Ne3+ 33. Kd2 Nxd1
34. Kxd1 bxc4 35. b4 Bb2 36. a4 c3 37. Kc2 Rd8 0-1

[Event "10. Lichtenberger Sommer"]
[Site "Berlin"]
[Date "2011.08.14"]
[Round "2.1"]
[White "Kapr, Klaus"]
[Black "Rabiega, Robert"]
[Result "0-1"]
[WhiteElo "2058"]
[BlackElo "2507"]
[PlyCount "100"]
[EventDate "2011.??.??"]
[WhiteTeam "SC Friesen Lichtenberg e.V."]
[BlackTeam "SK König Tegel 1949 e.V."]

1. e4 e5 2. Nf3 Nc6 3. Bb5 a6 4. Ba4 Nf6 5. O-O Bc5 6. d3 b5 7. Bb3 d6 8. Be3
O-O 9. Nbd2 Bxe3 10. fxe3 Na5 11. c3 Nxb3 12. Qxb3 c5 13. c4 Rb8 14. Qc2 g6 15.
b3 Nh5 16. Rf2 f5 17. d4 f4 18. exf4 exd4 19. g3 Nf6 20. Qd3 bxc4 21. Qxc4+ Kg7
22. Re2 Ng4 23. Qd3 Bd7 24. h3 Nh6 25. Kg2 Bb5 26. Nc4 d5 27. exd5 Qxd5 28. Re5
Bxc4 29. bxc4 Qc6 30. Re2 Rfe8 31. Rae1 Nf5 32. Rxe8 Rxe8 33. Rxe8 Qxe8 34. Ne5
Qa8+ 35. Qf3 Ne3+ 36. Kf2 Qb8 37. g4 Qb1 38. h4 Qxa2+ 39. Kg3 Qb3 40. Nd3 h5
41. Nxc5 Qb6 42. Nd7 Qc7 43. Ne5 hxg4 44. Qe4 Nf5+ 45. Kxg4 Qe7 46. Qh1 d3 47.
h5 d2 48. h6+ Kh7 49. Nxg6 Nxh6+ 50. Kh5 Qf7 0-1

[Event "10. Lichtenberger Sommer"]
[Site "Berlin"]
[Date "2011.08.14"]
[Round "2.3"]
[White "Mertens, Fridolin"]
[Black "Lagunow, Alexander"]
[Result "1-0"]
[WhiteElo "1993"]
[BlackElo "2434"]
[PlyCount "93"]
[EventDate "2011.??.??"]
[WhiteTeam "SG 1871 Löberitz"]
[BlackTeam "TuS Makkabi Berlin e.V."]

1. e4 c5 2. Nf3 Nc6 3. d4 cxd4 4. Nxd4 g6 5. c4 Bg7 6. Be3 Nf6 7. Nc3 O-O 8.
Be2 b6 9. O-O Bb7 10. Qc2 d6 11. Rad1 Nxd4 12. Bxd4 Nd7 13. Bxg7 Kxg7 14. f4
Rc8 15. b3 Qc7 16. Bg4 Rcd8 17. Kh1 Nf6 18. Bf3 e5 19. f5 g5 20. Qf2 Qc5 21.
Qd2 h6 22. h3 a6 23. Rc1 Rc8 24. Rfd1 Rfd8 25. Qe2 Qa3 26. Qe3 Qb4 27. Be2 Qc5
28. Qf3 Bc6 29. Bd3 Rg8 30. Ne2 g4 31. Qg3 Kf8 32. Qh4 Ke7 33. Nc3 gxh3 34.
Qxh3 Rg5 35. Be2 Bxe4 36. Nxe4 Nxe4 37. f6+ Nxf6 38. b4 Qf2 39. Bf3 Rcg8 40. c5
bxc5 41. bxc5 d5 42. Rb1 Qxc5 43. Rb7+ Kf8 44. Qxh6+ R5g7 45. Rc1 Qa3 46. Rc8+
Ne8 47. Rxe8+ 1-0

[Event "10. Lichtenberger Sommer"]
[Site "Berlin"]
[Date "2011.08.14"]
[Round "2.5"]
[White "Richter, Goetz"]
[Black "Kalinitschew, Sergey"]
[Result "0-1"]
[WhiteElo "2045"]
[BlackElo "2431"]
[PlyCount "50"]
[EventDate "2011.??.??"]
[WhiteTeam "Klub Kölner Schachfreunde e.V. 1"]
[BlackTeam "SC Kreuzberg e.V."]

1. e4 c5 2. Nf3 Nc6 3. d4 cxd4 4. Nxd4 e5 5. Nb5 d6 6. c4 a6 7. N5c3 Nf6 8. Be2
Nd4 9. Be3 Nxe2 10. Qxe2 Be7 11. O-O O-O 12. Nd5 Nxd5 13. exd5 f5 14. f4 exf4
15. Bxf4 Bf6 16. Nc3 g5 17. Be3 f4 18. Bf2 Bf5 19. Rac1 g4 20. b4 Be5 21. Rfd1
g3 22. Bd4 Qh4 23. h3 Rae8 24. Bxe5 Rxe5 25. Qf1 f3 0-1

[Event "10. Lichtenberger Sommer"]
[Site "Berlin"]
[Date "2011.08.14"]
[Round "2.7"]
[White "Stiefel, Roland"]
[Black "Wendt, Jan-Dietrich"]
[Result "0-1"]
[WhiteElo "2064"]
[BlackElo "2360"]
[PlyCount "90"]
[EventDate "2011.??.??"]
[WhiteTeam "SSV Vimaria 91 Weimar"]
[BlackTeam "Sfrd. Berlin 1903 e.V."]

1. d4 Nf6 2. Bf4 g6 3. e3 Bg7 4. Be2 O-O 5. Nd2 c5 6. c3 d6 7. Ngf3 Nc6 8. Nb3
cxd4 9. exd4 Qc7 10. O-O e5 11. Bg5 h6 12. dxe5 dxe5 13. Bh4 Bf5 14. Qc1 Nh5
15. Qe3 g5 16. Bg3 Nf4 17. h4 g4 18. Nfd2 Rad8 19. Rfe1 h5 20. Bc4 Kh8 21. Nc5
Bh6 22. Kh1 Kg7 23. Nf1 Nd3 24. Qe2 Nxe1 25. Rxe1 Rfe8 26. Ne3 Bxe3 27. Qxe3 f6
28. Ne4 Bg6 29. Nc5 Qc8 30. b4 b6 31. Ba6 Qc7 32. Ne4 Rf8 33. Bb5 Kh7 34. f3
Ne7 35. c4 Nf5 36. Qf2 Nxg3+ 37. Nxg3 gxf3 38. Qxf3 Rd4 39. Nf5 Rf4 40. Qxf4
exf4 41. Re7+ Qxe7 42. Nxe7 Be4 43. c5 bxc5 44. bxc5 Rf7 45. Nc8 Rc7 0-1

[Event "10. Lichtenberger Sommer"]
[Site "Berlin"]
[Date "2011.08.14"]
[Round "2.9"]
[White "Franzke, Alexander"]
[Black "Rietze, Clemens"]
[Result "1/2-1/2"]
[WhiteElo "1981"]
[BlackElo "2310"]
[PlyCount "78"]
[EventDate "2011.??.??"]
[WhiteTeam "Forster Schachclub 95"]
[BlackTeam "USV Potsdam e.V., Abt. Schach"]

1. d4 c5 2. d5 g6 3. c4 Bg7 4. g3 Nf6 5. Bg2 O-O 6. Nc3 d6 7. Nf3 e6 8. O-O
exd5 9. Nxd5 Nxd5 10. Qxd5 Nc6 11. Bg5 Qb6 12. Qxd6 Be6 13. Qf4 Qxb2 14. Rab1
Qxa2 15. Rxb7 Qxe2 16. Nd2 Ne5 17. Re7 a5 18. Bf6 Nd3 19. Qe3 Qxe3 20. fxe3 Ra6
21. Bxg7 Kxg7 22. Rc7 a4 23. Be4 Nb2 24. Bd5 a3 25. Bxe6 Rxe6 26. Rxc5 Rxe3 27.
Rc7 Re2 28. Nb3 Nd3 29. c5 a2 30. Ra7 Ne5 31. Nd4 Rb2 32. Ne6+ Kg8 33. Nxf8
Kxf8 34. Ra6 Ke7 35. c6 Kd6 36. Rd1+ Kc7 37. Rf1 f5 38. h4 h6 39. h5 gxh5
1/2-1/2